Historia de las ideas estéticas en España : Índices generales onomásticos y de materias /

Guardado en:
Autor Principal: González Palencia, Luis María; González Palencia, Ángela; González Palencia, Ángel.
Formato: Libro
Idioma:Undetermined
Publicado: Madrid : Aldus, 1963.
Materias:
Etiquetas: Agregar Etiqueta
Sin Etiquetas, Sea el primero en etiquetar este registro!
LEADER 00701nam a22001575a 4500
001 EHU.bham048950
005 20111111145849.0
008 111111s1963####sp############000#0#und#d
100 1 |a González Palencia, Luis María; González Palencia, Ángela; González Palencia, Ángel. 
245 0 0 |a Historia de las ideas estéticas en España :  |b Índices generales onomásticos y de materias /  |c Luis María González Palencia; Ángela González Palencia; Ángel González Palencia. 
260 |a Madrid :  |b Aldus,  |c 1963. 
300 |a 105 p. 
600 1 7 |a Marcelino Menéndez y Pelayo. 
653 |a Obras españolas 
653 |a Cultura española 
859 |a AR-BHAM  |b BIB. HUMANIDADES - Donacion Lejarraga  |h MFN003169  |p 003169.19